00642 a2200157 45000010006000000050017000060080041000230030015000640400040000790800022001192450031001412640033001723000019002055050238002241000022004622897120260407155558.0260407a1969 arg spa dAR-UNSa-BCEJYS aAR-UNSa-BCEJYSbspacAR-UNSa-BCEJYS a657xContabilidad10aContabilidad para abogados 1aBuenos Aires :bAstreac1969 a278 p.c24 cm. a1. Contabilidad - 2. Registración contable - 3. Los libros - 4. Patrimonio - 5. Inventarios - 6. Inventario final de ejercicio - 7. Estado de resultado - 8. El capital propio - 9. Análisis e interpretación de estados contables 1 aQuian, Roberto J.